000 00297nam a22001337a 4500
008 171228b xxu||||| |||| 00| 0 eng d
020 _a710517719
041 _aeng
080 _a330.101
100 _a52
101 _aMAK
245 _aManaging Macroeconomic Policy
_cAnderson
942 _2udc
_cBK
999 _c39523
_d39523